|
|
|
|
| LEADER |
03584nam a2200541 4500 |
| 001 |
ocn794670413 |
| 003 |
OCoLC |
| 005 |
20171028073942.3 |
| 006 |
m o d |
| 007 |
cr cnu---unuuu |
| 008 |
120604s2012 enk obf 001 0 eng d |
| 040 |
|
|
|a N$T
|b eng
|e pn
|c N$T
|d YDXCP
|d CDX
|d OCLCQ
|d OCLCF
|d UKDOC
|d OCLCQ
|d OCL
|d EBLCP
|d OCLCQ
|d D6H
|d DG1
|d UIU
|d YDX
|d GrThAP
|
| 019 |
|
|
|a 1002820882
|
| 020 |
|
|
|a 9781118351147
|q (electronic bk.)
|
| 020 |
|
|
|a 1118351142
|q (electronic bk.)
|
| 020 |
|
|
|a 9781119421870
|q (electronic bk.)
|
| 020 |
|
|
|a 111942187X
|q (electronic bk.)
|
| 020 |
|
|
|z 9780813824734
|
| 020 |
|
|
|z 0813824737
|
| 035 |
|
|
|a (OCoLC)794670413
|z (OCoLC)1002820882
|
| 050 |
|
4 |
|a SF778
|b .M33 2012eb
|
| 060 |
|
4 |
|a SF 778
|
| 072 |
|
7 |
|a MED
|x 089020
|2 bisacsh
|
| 072 |
|
7 |
|a MED
|x 089030
|2 bisacsh
|
| 082 |
0 |
4 |
|a 636.089/6025
|2 23
|
| 049 |
|
|
|a MAIN
|
| 245 |
0 |
0 |
|a Manual of small animal emergency and critical care medicine
|h [electronic resource] /
|c Douglass K. Macintire [and others].
|
| 250 |
|
|
|a 2nd ed.
|
| 260 |
|
|
|a Chichester, West Sussex :
|b John Wiley & Sons,
|c 2012.
|
| 300 |
|
|
|a 1 online resource.
|
| 336 |
|
|
|a text
|b txt
|2 rdacontent
|
| 337 |
|
|
|a computer
|b c
|2 rdamedia
|
| 338 |
|
|
|a online resource
|b cr
|2 rdacarrier
|
| 504 |
|
|
|a Includes bibliographical references and index.
|
| 505 |
0 |
|
|a Approach to the emergency patient / Steven C. Haskins and Douglass K. Macintire -- Emergency room readiness / Steven C. Haskins and Douglass K. Macintire -- Cardiopulmonary-cerebral resuscitation (CPCR) / Steven C. Haskins -- Shock / Steven C. Haskins -- Anesthesia and analgesia / Steven C. Haskins -- Fluid therapy / Steven C. Haskins and Douglass K. Macintire -- Monitoring / Steven C. Haskins -- Nutritional support of critical patients / Steven C. Haskins -- Respiratory emergencies / Kenneth J. Drobatz and Douglass K. Macintire -- Cardiac emergencies / Douglass K. Macintire -- Gastrointestinal emergencies / Douglass K. Macintire -- Urologic emergencies / Kenneth J. Drobatz and William D. Saxon -- Neurologic emergencies / Michelle Carnes, Douglass K. Macintire, and William D. Saxon -- Hematologic emergencies / Douglass K. Macintire -- Endocrine and metabolic emergencies / William D. Saxon, Kenneth J. Drobatz, and Douglass K. Macintire -- Reproductive emergencies / Douglass K. Macintire and William D. Saxon -- Pediatric emergencies / Douglass K. Macintire, William D. Saxon -- Ocular emergencies / William D. Saxon and Debra Mandell -- Dermatologic emergencies / Robert Kennis and Douglass K. Macintire -- Toxicological emergencies / Kenneth J. Drobatz and Douglass K. Macintire -- Miscellaneous emergencies / William D. Saxon, Kenneth J. Drobatz, and Douglass K. Macintire.
|
| 588 |
0 |
|
|a Print version record.
|
| 650 |
|
0 |
|a Veterinary emergencies
|v Handbooks, manuals, etc.
|
| 650 |
|
0 |
|a Veterinary critical care
|v Handbooks, manuals, etc.
|
| 650 |
|
7 |
|a MEDICAL
|x Veterinary Medicine
|x Food Animal.
|2 bisacsh
|
| 650 |
|
7 |
|a MEDICAL
|x Veterinary Medicine
|x Small Animal.
|2 bisacsh
|
| 650 |
|
7 |
|a Veterinary critical care.
|2 fast
|0 (OCoLC)fst01165898
|
| 650 |
|
7 |
|a Veterinary emergencies.
|2 fast
|0 (OCoLC)fst01165933
|
| 655 |
|
4 |
|a Electronic books.
|
| 655 |
|
7 |
|a Handbooks and manuals.
|2 fast
|0 (OCoLC)fst01423877
|
| 700 |
1 |
|
|a Macintire, Douglass K.
|
| 776 |
0 |
8 |
|i Print version:
|t Manual of small animal emergency and critical care medicine.
|b 2nd ed.
|d Chichester, West Sussex : John Wiley & Sons, 2012
|z 9780813824734
|w (DLC) 2011048339
|w (OCoLC)762698465
|
| 856 |
4 |
0 |
|u https://doi.org/10.1002/9781119421870
|z Full Text via HEAL-Link
|
| 994 |
|
|
|a 92
|b DG1
|